000 00363nam a22001457a 4500
003 OSt
008 231026b |||||||| |||| 00| 0 eng d
041 _ahin
082 _a891.54
_bPAD/RA
100 _aKamalesh
_95534
245 _aRaja Radhika Raman Prasad Sing Vyaktitva aur krititva
260 _aDelhi
_bBansal and Company
_c1961
300 _a274
942 _cBK
999 _c17750
_d17750